User's handbook to the TRS-80 model II /

Bibliographic Details
Main Author: Weber, Jeffrey R.
Corporate Author: Weber Systems, Inc
Format: Book
Language:English
Published: Cleveland, Ohio : Weber Systems, [1983]
Subjects:

MARC

Tag First Indicator Second Indicator Subfields
LEADER 00000cam a2200000 a 4500
001 in00000524721
005 20151013085056.0
008 840208s1983 ohua 00110 eng
010 |a  80070467  
020 |a 0938862014 (pbk.) :  |c $13.95 
035 |a (OCoLC)09767198 
035 |9 ACF6120AM 
039 0 |a 2  |b 3  |c 3  |d 3  |e 3 
040 |a DLC  |c DLC  |d TXA  |d UtOrBLW 
049 |a TXAM 
050 0 0 |a QA76.8.T18333  |b W43 1983 
082 0 |a 001.64  |2 19 
100 1 |a Weber, Jeffrey R. 
245 1 0 |a User's handbook to the TRS-80 model II /  |c by Jeffrey R. Weber. 
264 1 |a Cleveland, Ohio :  |b Weber Systems,  |c [1983] 
264 4 |c ©1983 
300 |a 303 pages :  |b illustrations ;  |c 22 cm. 
336 |a text  |b txt  |2 rdacontent 
337 |a unmediated  |b n  |2 rdamedia 
338 |a volume  |b nc  |2 rdacarrier 
500 |a Includes index. 
650 0 |a TRS-80 Model II (Computer) 
710 2 |a Weber Systems, Inc. 
999 |a MARS 
999 f f |s 13647f0a-5821-33cf-8249-924fd1c063bf  |i 8621f9a3-8787-305f-99e0-8f7ace1b3ccc  |t 0 
952 f f |p ric  |a Texas A&M University  |b Rellis Campus  |c Joint Library Facility  |d Remote Storage  |t 0  |e QA76.8.T18333 W43 1983  |h Library of Congress classification  |i unmediated -- volume  |m A14808031662 
998 f f |a QA76.8.T18333 W43 1983  |t 0  |l Remote Storage